000 00979nam1a22002411 4500
001 rc\344847
005 20030307123321.8
035 _a(NLR Aleph) 005633984
090 _a6600503
_c6600503
100 _a20030307d1989 u |0rusy50 ca
101 0 _arus
102 _aRU
105 _ay |||||||||
200 1 _aЛИНГВИСТИЧЕСКИЙ РАЗБОР
_eМетод. материалы по рус. яз. для студентов-филологов ДПИ
_fМ-во нар. образования Латв.ССР ... .Каф. рус. яз.
_g[Сост.: Новикова М.Ю., Сырица Г.С.]
210 _aДаугавпилс
_cДПИ
_d1989
215 _d20
702 1 _aНовикова
_bМ. Ю.
_gМарина Юрьевна
_4220
712 0 2 _aДаугавпилсский пед. ин-т им. Я.Э.Калнберзина
_3RU\NLR\AUTH\889926069
801 0 _aRU
_bNLR
_gpsbo
801 1 _aRU
_bELAR
_2rusmarc
852 _aNLR
_j89-4/24818
942 _cBOOK
980 _aNB